Subdivision capitals closest to Munich (DE) - Statistics

General Stats
  • This quiz has been taken 28 times
    17 since last reset
  • The average score is 10 of 20
Answer Stats
Distance (km) Answer % Correct
2 116 Salzburg
90%
1 97 Innsbruck
80%
8 191 Stuttgart
80%
18 242 Zürich
80%
12 210 Chur
70%
4 182 Sankt Gallen
60%
7 190 Vaduz
60%
5 185 Appenzell
50%
10 202 Linz
50%
13 222 Plzeň
50%
6 189 Schaan
50%
15 225 Schaffhausen
50%
19 252 Schwyz
50%
20 253 Zug
50%
3 154 Bregenz
40%
14 224 Glarus/Glaris
40%
11 210 Frauenfeld
30%
9 191 Herisau
20%
16 233 Trento
20%
17 233 České Budějovice
10%
No matching quizzes found
Score Distribution
Percent of People with Each Score
Percentile by Number Answered
Your Score History
You have not taken this quiz since the last reset